| 000 | 00988cam a2200337 a 4500 | ||
|---|---|---|---|
| 008 | |||
| 020 | _a0132549476 (hbk.) | ||
| 049 | _aMAIN | ||
| 090 |
_aTH153 _bLAN |
||
| 100 | 1 | _aLandphair, Harlow C. | |
| 245 | 1 | 0 |
_aLandscape architecture construction / _cHarlow C. Landphair and Fred Klatt, Jr. |
| 250 | _a3rd ed. | ||
| 260 |
_aUpper Saddle River : _bPrentice Hall, _cc1999. |
||
| 300 |
_axii, 410 p. : _bill. ; _c29 cm. |
||
| 504 | _aIncludes bibliographical references | ||
| 500 | _aIncludes index. | ||
| 650 | 0 | _aBuilding. | |
| 650 | 0 | _aBuilding sites. | |
| 650 | 0 | _aLandscape construction. | |
| 650 | 0 | _aLandscape architecture. | |
| 650 | 4 | _aBuilding. | |
| 650 | 4 | _aBuilding sites. | |
| 650 | 4 | _aGarden structures. | |
| 650 | 4 | _aLandscape architecture. | |
| 700 | 1 | _aKlatt, Fred. | |
| 907 |
_a.b10030050 _b28-05-12 _c17-04-03 |
||
| 003 | |||
| 005 | 20230123133148.0 | ||
| 040 | _cNUST | ||
| 942 |
_cBOOKS _kTH153 _mLAN |
||
| 999 |
_c143813 _d143813 |
||